The many names of the Moon Quiz Stats

 Plays Quiz not verified by Sporcle

Score 0/30 Timer 06:00
0 Plays Today
% Correct
Luna
85.4%
القمر
85.4%
Lune
78.8%
הירח
78.8%
Луна
77.4%
月球
75.9%
Księżyc
66.4%
Maan
66.4%
Mond
66.4%
चन्द्रमा
65.7%
Lluna
65%
64.2%
Ghealach
60.6%
Lua
59.9%
Ай
54.7%
% Correct
Mwezi
52.6%
நிலா
52.6%
চাঁদ
48.9%
Lónna
47.4%
Metztli
45.3%
ᑕᖅᑭᖅ
43.8%
Kuu
43.8%
Äerdmound
38.7%
Bulan
35%
Ay
35%
Buwan
33.6%
Òṣùpá
32.1%
Killa
24.8%
Jasy
22.6%
Hold
21.2%

You're not logged in!

Compare scores with friends on all Sporcle quizzes.
OR
Log In

Sporcle TV

Today on Sporcle TV


Watch our educational content, quiz creation guides, and fun videos on Sporcle TV.

Show Comments

Extras

Top Quizzes Today


Score Distribution

Your Account Isn't Verified!

In order to create a playlist on Sporcle, you need to verify the email address you used during registration. Go to your Sporcle Settings to finish the process.

Report this User

Report this user for behavior that violates our Community Guidelines.

Details: